000 00434nam a2200181Ia 4500
001 15207
005 20260306165011.0
008 260306t2009||||xx |||||||||||||| ||spa||
041 _aESP
082 _a530.07
_bJ76
100 _aJou Mirabent, David,
_eAUT
245 0 _aFísica para ciencias de la vida
260 _c2009
300 _ax, 459 páginas :
_c25 cm.
650 _aGEN
654 _aCCN
942 _cLIB
_dJUS
_fJUS
_2ddc
_n
999 _c15207
_d15207